| 000 | 00540nam a2200145 4500 | ||
|---|---|---|---|
| 008 | 708 N231d | ||
| 020 | _a9986957176 | ||
| 082 |
_a708 _bN231d |
||
| 100 |
_aKuizinas, Kestusis & Valatkevicius, Jonas (edición) _96436 |
||
| 245 |
_aDeimantas Narkevicius: _bLithuanian Pavilion |
||
| 260 |
_aVilnius _bSapnu Sala Printing House _c2001 |
||
| 300 |
_a66 p. _bill (col) _c22.5 x 18 cm |
||
| 650 |
_xarte contemporáneo _xare - exhibición _xLituania _xBienal de Venecia 2004 _xNarkevicius, Deimantas _96437 |
||
| 700 |
_aKreuger, Anders (traducción) _96438 |
||
| 999 |
_c1515 _d1515 |
||